| 000 | 00457nam a2200169Ia 4500 | ||
|---|---|---|---|
| 003 | GCL | ||
| 008 | 140319s9999 xx 000 0 eng d | ||
| 040 |
_aGCL / _cGCL |
||
| 082 | 0 | 4 |
_a155.2 _bE P |
| 100 | 1 | _aENGLER, BARBARA | |
| 245 | 1 | 0 |
_aPERSONALITY THEORIES: AN INTRODUCTION / _cENGLER, BARBARA |
| 260 |
_a[S.N] : _bHOUGHTON MIFFLIN COMPANY ، _c1976 |
||
| 300 | _a541 P | ||
| 650 | 0 | 4 | _aPERSONALITY |
| 650 | 0 | 4 | _aTHEORY - PERSONALITY |
| 942 |
_2ddc _cBK |
||
| 999 |
_c14841 _d14841 |
||